POLIYAATHA DEEPAM (Record no. 8908)
[ view plain ]
| 000 -LEADER | |
|---|---|
| fixed length control field | 00315nam a22001337a 4500 |
| 082 ## - DEWEY DECIMAL CLASSIFICATION NUMBER | |
| Classification number | 894.812.3 |
| Item number | NIG/P |
| 100 ## - MAIN ENTRY--AUTHOR NAME | |
| Personal name | NIGHTINGALE, FLORENCE |
| 245 ## - TITLE STATEMENT | |
| Title | POLIYAATHA DEEPAM |
| 246 ## - VARYING FORM OF TITLE | |
| Title proper/short title | POLIYAATHA DEEPAM |
| Remainder of title | POLIYAATHA DEEPAM |
| 260 ## - PUBLICATION, DISTRIBUTION, ETC. (IMPRINT) | |
| Place of publication | INDIA |
| Name of publisher | LIPI |
| Year of publication | 2011 |
| 300 ## - PHYSICAL DESCRIPTION | |
| Number of Pages | 62 |
| 650 ## - SUBJECT ADDED ENTRY--TOPICAL TERM | |
| Topical Term | MALAYALAM STORY |
| 942 ## - ADDED ENTRY ELEMENTS (KOHA) | |
| Koha item type | Books |
| Withdrawn status | Lost status | Collection code | Home library | Current library | Shelving location | Date acquired | Source of acquisition | Cost, normal purchase price | Full call number | Accession Number | Koha item type |
|---|---|---|---|---|---|---|---|---|---|---|---|
| Fiction | Main Library | Main Library | NEW SHELF WITH NEW ENTRY | 26/10/2023 | PURCHASED | 40.00 | 894.812.3 NIG/P | 13170 | Books |